000 00476nam a2200181Ia 4500
005 20250326124236.0
008 250326s9999 xx 000 0 und d
037 _aTextbook
040 _aFMSL
_beng
_cFMSL
041 _aeng
_2eng
084 _aX:512 L8
_qFMSL
100 _aPeterson R
245 0 _aPersonal selling: introducation
_cPeterson R
260 _aNY
_bNY, JohnWiley
_c1978
300 _a358p
942 _cTB
_hX:512 L8
999 _c1272907
_d1272907